Sports Quiz

Random Sports or Soccer Quiz
Score 0/22 Timer 10:00
0 Plays Today
NCAA Team Football Stadium % Correct
Oregon???
100%
Boise State???
95.1%
Arizona State???
90.2%
Oklahoma???
82.9%
Georgia???
78%
Texas A&M???
75.6%
Southern Methodist???
70.7%
Virginia Tech???
68.3%
UCLA???
58.5%
Akron???
58.5%
Ohio State???
56.1%
NCAA Team Football Stadium % Correct
LSU???
51.2%
Michigan State???
46.3%
Pitt???
43.9%
Texas???
43.9%
Minnesota???
43.9%
Toledo???
41.5%
Tennessee???
39%
Boston College???
39%
Washington???
39%
Duke???
39%
Cincinnati???
36.6%
Remove Ads.
Support Sporcle.
Get the best of Sporcle when you Go Orange. This ad-free experience offers more features, more stats, and more fun while also helping to support Sporcle. Thank you for becoming a member.

You're not logged in!

Compare scores with friends on all Sporcle quizzes.
OR
Log In

Show Comments

Extras

Top Quizzes Today


Score Distribution

Your Account Isn't Verified!

In order to create a playlist on Sporcle, you need to verify the email address you used during registration. Go to your Sporcle Settings to finish the process.

Report this User

Report this user for behavior that violates our Community Guidelines.

Details: